00774nam a2200205 450000500170000000800410001702000180005804100120007608200130008810000220010124500350012326000380015830000080019636500190020452001400022365000240036394200070038799900190039495201550041320260312121313.0260304b |||||||| |||| 00| 0 eng d a9782940411504 aEnglish a659bMAH aMahon Nik9217084 aBasics Advertising 03 Ideation aSwitzerlandbAVA Publishingc2011 a183 b2695.64cRs.00 a1. What is ideation? 2. Breaking through the Ideas 3. Using Creative Tools to Generate Ideas 4. Executing Creative Ideas Successfully  aAdvertising9217085 cBK c370555d370555 00102ddc4070aSOFTbSOFTd2026-03-02eDesign Book Studiog2695.64i367l0o659 MAHpSOFT-BK-5001r2026-03-04 11:19:08t25%v3594.18w2026-02-23yBK